000 01693nam a2200373 c 4500
003 BLK
005 20231118164517.0
008 180412b bul|||||r ||||||| ||bul||
010 _aKNG00007606000
020 _a954-07-0731-5
_bиздат.: Унив. изд. Св. Климент Охридски
040 _aBLK
041 _aBUL
_cBUL
080 _aЕтика. Учение за морала. Практическа философия. Вж и 37.034 ; 24
_b17
_x:087.5(035)
_z17:087.5(035)
080 _aБългарска литература
_b821.163.2
_x-93-96
_z821.163.2-93-96
700 1 _aКоспартова, Люба Николова
_gБачева-Коспартова, Люба Николова
_9251391
100 1 _aНемо, Нихело
_eпърви автор
_9363947
139 _aКоспартова, Люба Николова
_bК 86
245 1 0 _aПърви речник по етика
_bМисли, легенди и диалози, предназначени за деца
_c Люба Николова Коспартова; Нихело Немо.
257 _aBGR
260 София
_bУнив. изд. Св. Климент Охридски
_c1995
300 _a74 с.
_bс ил.
_c20 см
380 _a1
500 _aНихело Немо - псевд. на Люба Коспартова.
650 4 _aЕтика
_9155121
653 _aетика
653 _aлитература за деца
653 _aдетска литература
852 _aЦб 192414
856 4 _qpdf
_u
856 4 _qpdf
_u
942 _cKNG
_n0
_01
944 _aCR
_c15.01.2003
_k30537
_lГрета Цуфелде
944 _aED
_c18.02.2011
_k
999 _c6376
_d6376